[Event "SR 2. liga A 2015/2016"]
[Site "?"]
[Date "2015.10.17"]
[Round "1.5"]
[White "Kalmar, Tamas"]
[Black "Szollos, Ondrej"]
[Result "1/2-1/2"]
[WhiteElo "2017"]
[BlackElo "2043"]
[PlyCount "140"]
[EventDate "2015.??.??"]

1. d4 d6 2. c4 Nf6 3. Nc3 c6 4. e4 Qc7 5. f3 e5 6. Be3 Be7 7. Bd3 Nbd7 8. Nge2
Nf8 9. Qd2 a6 10. a4 Ng6 11. a5 Bd7 12. O-O O-O 13. Rfd1 Rac8 14. g4 h6 15. Ng3
exd4 16. Bxd4 Ne5 17. Be2 Be6 18. b3 Qb8 19. Kh1 Rfd8 20. Na4 Ne8 21. Nb6 Rc7
22. Qc3 c5 23. Be3 Nd7 24. Nxd7 Bxd7 25. Qe1 Qc8 26. Nf5 Bxf5 27. gxf5 Rcd7 28.
Qg3 Bf6 29. Ra2 Be5 30. Qg2 Kh7 31. Rg1 Bd4 32. Bxd4 cxd4 33. b4 Rc7 34. Bd3 f6
35. Qf2 Qd7 36. Qxd4 Qe7 37. f4 Rdc8 38. Re2 Qf7 39. Qe3 Re7 40. Qh3 Rcc7 41.
Qg2 Kh8 42. Re3 Qf8 43. Qe2 Qf7 44. Rd1 Rcd7 45. Bc2 Rc7 46. Bb3 Qf8 47. Ba4
Qf7 48. Rd4 Kh7 49. Qd3 Kh8 50. Re1 Kh7 51. Rc1 Qg8 52. Rd5 Qf7 53. Kg2 Qh5 54.
Qf3 Qf7 55. Rc3 Kh8 56. Kf2 Kh7 57. Ke2 Rxc4 58. Rxc4 Qxd5 59. Bb3 Qb5 60. Kf2
d5 61. exd5 Nd6 62. Rd4 b6 63. Qd3 Qxd3 64. Rxd3 Re4 65. b5 bxa5 66. bxa6 Re7
67. Kf3 Ra7 68. Rc3 Nb5 69. Rd3 Nd6 70. Ba4 Rxa6 1/2-1/2

[Event "SR 2. liga A 2015/2016"]
[Site "?"]
[Date "2015.10.17"]
[Round "1.5"]
[White "Hurban, Martin"]
[Black "Dolnik, Attila"]
[Result "0-1"]
[WhiteElo "1930"]
[BlackElo "2153"]
[PlyCount "58"]
[EventDate "2015.??.??"]

1. e4 e5 2. Nf3 d6 3. d4 Nd7 4. c3 Ngf6 5. Nbd2 g6 6. Bc4 Bg7 7. O-O O-O 8. Re1
c6 9. Qb3 Qe7 10. a4 Nb6 11. Bd3 Be6 12. Qa3 Qc7 13. b4 a5 14. Bb2 axb4 15.
Qxb4 c5 16. Qb5 Bd7 17. Qb3 Bxa4 18. Qa2 Bc2 19. Bxc2 Rxa2 20. Rxa2 cxd4 21.
cxd4 Qxc2 22. Rc1 Qd3 23. Rc3 Qb5 24. Rb3 Qc6 25. dxe5 Nxe4 26. Rxb6 Qxb6 27.
Nxe4 Qb3 28. Nc3 Bxe5 29. Nxe5 dxe5 0-1

[Event "SR 2. liga A 2015/2016"]
[Site "?"]
[Date "2015.10.17"]
[Round "1.5"]
[White "Vegh, Vince"]
[Black "Ochrana, Ladislav"]
[Result "0-1"]
[WhiteElo "1957"]
[BlackElo "1923"]
[PlyCount "160"]
[EventDate "2015.??.??"]

1. e4 c5 2. Nf3 d6 3. d4 cxd4 4. Nxd4 Nf6 5. Nc3 a6 6. a4 Qc7 7. f3 Nc6 8. Bg5
Nxd4 9. Qxd4 Be6 10. O-O-O Nd7 11. f4 f6 12. Bh4 Qc5 13. Qd2 Qa5 14. Nd5 Qxd2+
15. Rxd2 Rc8 16. b4 Bxd5 17. exd5 g6 18. Kb2 Bh6 19. Rd4 g5 20. Bg3 gxf4 21.
Bxf4 Bxf4 22. Rxf4 Ne5 23. Be2 Kd7 24. Re1 Rhg8 25. g3 Rc7 26. Bf1 Rg7 27. Kb3
Kd8 28. Bh3 Rg5 29. Be6 Ng6 30. Rd4 Ne5 31. Rh4 h5 32. Re3 Ng6 33. Rd4 Ne5 34.
c4 b6 35. h3 Ra7 36. g4 h4 37. Rc3 Rb7 38. Rc2 Rb8 39. Rf2 Kc7 40. Kc3 a5 41.
Rdd2 Ra8 42. Rb2 Ng6 43. Rb3 Re5 44. Rf3 Re1 45. Kd2 Ra1 46. Ra3 Rxa3 47. Rxa3
axb4 48. Ra1 Ne5 49. Kc2 Nxc4 50. Kb3 Nd2+ 51. Kxb4 Ne4 52. Bf5 Nc5 53. Bc2 Rc8
54. Rf1 Nd7 55. Bf5 Rd8 56. Re1 Ne5 57. Re3 Kb7 58. Rc3 Nd7 59. Re3 Ne5 60. Rc3
Ra8 61. Be6 Ng6 62. Bd7 Rd8 63. Bb5 Ne5 64. Be2 Rd7 65. Bb5 Rc7 66. Re3 Rc5 67.
Bc6+ Nxc6+ 68. dxc6+ Kxc6 69. Rxe7 Re5 70. Rf7 Re4+ 71. Kb3 Re3+ 72. Kb4 Rxh3
73. Rxf6 Rh1 74. g5 h3 75. g6 h2 76. g7 Rb1+ 77. Kc3 h1=Q 78. g8=Q Qe1+ 79. Kd3
Rd1+ 80. Kc4 Qe4+ 0-1

[Event "SR 2. liga A 2015/2016"]
[Site "?"]
[Date "2015.10.17"]
[Round "1.5"]
[White "Kosegi, Marek"]
[Black "Marosi, Csaba"]
[Result "1/2-1/2"]
[WhiteElo "1877"]
[BlackElo "2009"]
[PlyCount "22"]
[EventDate "2015.??.??"]

1. d4 e6 2. c4 d5 3. Nf3 c5 4. cxd5 exd5 5. Nc3 Nc6 6. Bf4 Nf6 7. e3 Be7 8. Be2
O-O 9. O-O Be6 10. Rc1 c4 11. Ne5 Qa5 1/2-1/2

[Event "SR 2. liga A 2015/2016"]
[Site "?"]
[Date "2015.10.17"]
[Round "1.6"]
[White "Cech, Dominik"]
[Black "Rohacek, Miroslav"]
[Result "0-1"]
[WhiteElo "2112"]
[BlackElo "2301"]
[PlyCount "62"]
[EventDate "2015.??.??"]

1. e4 c5 2. Nf3 d6 3. d4 cxd4 4. Nxd4 Nf6 5. Nc3 a6 6. Be2 e5 7. Nb3 Be7 8. Be3
O-O 9. g4 Be6 10. g5 Nfd7 11. Qd2 Nb6 12. O-O-O N8d7 13. Kb1 Qc7 14. h4 Rac8
15. Rdg1 f5 16. gxf6 Nxf6 17. Bh6 Rf7 18. Rg3 d5 19. Rhg1 Bf8 20. exd5 Nbxd5
21. h5 Nxc3+ 22. Qxc3 Qxc3 23. bxc3 Ne4 24. Re3 Nxc3+ 25. Kb2 Na4+ 26. Kb1 Rxf2
27. Bd3 e4 28. Bxe4 Nc3+ 29. Ka1 Nxe4 30. Rxe4 Bf5 31. Bxg7 Bxg7+ 0-1

[Event "SR 2. liga A 2015/2016"]
[Site "?"]
[Date "2015.10.17"]
[Round "1.6"]
[White "Karas, Marek"]
[Black "Bednar, Jan"]
[Result "1/2-1/2"]
[WhiteElo "2280"]
[BlackElo "2129"]
[PlyCount "63"]
[EventDate "2015.??.??"]

1. d4 Nf6 2. c4 e6 3. g3 c5 4. d5 exd5 5. cxd5 d6 6. Bg2 g6 7. Nc3 Bg7 8. Nf3
O-O 9. O-O Re8 10. Nd2 Na6 11. h3 Nc7 12. a4 b6 13. e4 Rb8 14. Nc4 Ba6 15. Qb3
Bxc4 16. Qxc4 a6 17. Rb1 b5 18. axb5 axb5 19. Qd3 b4 20. Nd1 Nb5 21. Re1 Nd7
22. Ne3 Ne5 23. Qf1 Qc7 24. f4 Nd7 25. Nc4 Nd4 26. Qd3 Nb6 27. Bd2 Nxc4 28.
Qxc4 Qb6 29. Kf2 Qb5 30. Qxb5 Rxb5 31. Bf1 Rb7 32. Bc4 1/2-1/2

[Event "SR 2. liga A 2015/2016"]
[Site "?"]
[Date "2015.10.17"]
[Round "1.6"]
[White "Nemsak, Denis"]
[Black "Sahidi, Samir"]
[Result "0-1"]
[WhiteElo "2051"]
[BlackElo "2244"]
[PlyCount "79"]
[EventDate "2015.??.??"]

1. c4 c5 2. Nc3 Nc6 3. g3 g6 4. Bg2 Bg7 5. d3 e6 6. e4 Nge7 7. Nge2 O-O 8. O-O
a6 9. a3 Rb8 10. Rb1 b5 11. cxb5 axb5 12. b4 cxb4 13. axb4 d5 14. exd5 exd5 15.
Bf4 Rb7 16. Qd2 Be6 17. Rfe1 Qd7 18. Bg5 Nf5 19. Nf4 h6 20. g4 Bxc3 21. Qxc3
hxg5 22. gxf5 gxf4 23. fxe6 fxe6 24. Bh3 Nd8 25. Qe5 Rb6 26. Rbc1 Qd6 27. Rc7
Qxe5 28. Rxe5 Rd6 29. Rc5 Kg7 30. Rxb5 Kf6 31. Re1 Nf7 32. d4 Ra8 33. Ra5 Rb8
34. Rb1 e5 35. dxe5+ Nxe5 36. b5 g5 37. Rd1 Nc4 38. Ra7 Rxb5 39. Bf1 Rbb6 40.
Bxc4 0-1

[Event "SR 2. liga A 2015/2016"]
[Site "?"]
[Date "2015.10.17"]
[Round "1.6"]
[White "Kralovic, Andrej"]
[Black "Partys, Petr"]
[Result "1-0"]
[WhiteElo "2218"]
[BlackElo "2052"]
[PlyCount "65"]
[EventDate "2015.??.??"]

1. e4 c5 2. Nf3 Nc6 3. Bb5 d6 4. O-O Nf6 5. Re1 Bd7 6. c3 a6 7. Bf1 Bg4 8. h3
Bxf3 9. Qxf3 g6 10. d3 Bg7 11. Be3 O-O 12. Nd2 e5 13. Qd1 Rb8 14. a3 b5 15. b4
Qe7 16. Qb3 Rfd8 17. Qb2 Nd7 18. Nb3 Rdc8 19. Qd2 Nd8 20. a4 Qe6 21. Reb1 cxb4
22. cxb4 Nc6 23. Be2 Nd4 24. Nxd4 exd4 25. Bf4 Be5 26. Bg5 Bg7 27. axb5 axb5
28. Bg4 Qe8 29. Ra7 Ne5 30. Bxc8 Rxc8 31. Rc1 Rc3 32. Rxc3 dxc3 33. Qa2 1-0

[Event "SR 2. liga A 2015/2016"]
[Site "?"]
[Date "2015.10.17"]
[Round "1.6"]
[White "Petrik, Karol"]
[Black "Macko, Miroslav"]
[Result "1-0"]
[WhiteElo "2050"]
[BlackElo "2168"]
[PlyCount "77"]
[EventDate "2015.??.??"]

1. e4 e5 2. g3 Nc6 3. Bg2 Bc5 4. c3 d6 5. Qe2 Bb6 6. d3 Nge7 7. Nd2 O-O 8. Nc4
f5 9. Nxb6 axb6 10. Nf3 fxe4 11. dxe4 Qe8 12. Nd2 Qf7 13. a3 b5 14. b4 d5 15.
exd5 Nxd5 16. Bb2 Bg4 17. f3 Rae8 18. fxg4 Nd4 19. cxd4 exd4 20. Be4 Nc3 21.
Bxc3 dxc3 22. Qe3 cxd2+ 23. Kxd2 Qc4 24. Rhe1 Rd8+ 25. Bd3 Kh8 26. Rac1 Qa2+
27. Rc2 Qxa3 28. Qe4 g6 29. Rxc7 Qb2+ 30. Rc2 Qa3 31. Qe5+ Kg8 32. Qc3 Qa6 33.
Re7 Rf2+ 34. Ke1 Rf6 35. Rf2 Re6+ 36. Re2 Rf6 37. g5 Rf7 38. Rxf7 Kxf7 39. Qc7+
1-0

[Event "SR 2. liga A 2015/2016"]
[Site "?"]
[Date "2015.10.17"]
[Round "1.6"]
[White "Macko, Peter"]
[Black "Krajnak, Robert"]
[Result "1/2-1/2"]
[WhiteElo "2156"]
[BlackElo "2073"]
[PlyCount "24"]
[EventDate "2015.??.??"]

1. e4 c5 2. Nf3 e6 3. d4 cxd4 4. Nxd4 Nc6 5. Nc3 d6 6. f4 Nf6 7. Nb3 Be7 8. Be3
a6 9. Qf3 Qc7 10. g4 Nd7 11. O-O-O b5 12. Bd3 Nb6 1/2-1/2

[Event "SR 2. liga A 2015/2016"]
[Site "?"]
[Date "2015.10.17"]
[Round "1.6"]
[White "Orosi, Peter"]
[Black "Vrtiakova, Anna"]
[Result "1/2-1/2"]
[WhiteElo "2001"]
[BlackElo "2123"]
[PlyCount "81"]
[EventDate "2015.??.??"]

1. e4 c5 2. c3 d5 3. exd5 Qxd5 4. Nf3 Nc6 5. d4 Nf6 6. dxc5 Qxd1+ 7. Kxd1 Bg4
8. Be2 O-O-O+ 9. Ke1 e5 10. Be3 Nd5 11. b4 f6 12. a3 Bf5 13. c4 Nxe3 14. fxe3
a5 15. Nh4 Be6 16. b5 Nb8 17. c6 bxc6 18. Rf1 Bc5 19. Nf5 Bxf5 20. Rxf5 Bxe3
21. Ra2 Rhf8 22. Bg4 Kc7 23. Nc3 Bf4 24. bxc6 g6 25. Nd5+ Rxd5 26. Rxf4 Rd3 27.
Rff2 Nxc6 28. Be6 Nd4 29. Bd5 f5 30. Rab2 Nc6 31. Rb5 Rxa3 32. Rfb2 Ra1+ 33.
Kf2 Nb4 34. Rb7+ Kd6 35. Rd2 Nxd5 36. Rxd5+ Kc6 37. Rxh7 e4 38. Rg7 Rf6 39. Ra7
Kb6 40. Ra8 a4 41. Rb5+ 1/2-1/2

[Event "SR 2. liga A 2015/2016"]
[Site "?"]
[Date "2015.10.17"]
[Round "1.6"]
[White "Lintner, Igor Ml"]
[Black "Jelenciak, Jozef"]
[Result "1-0"]
[WhiteElo "1998"]
[BlackElo "1866"]
[PlyCount "59"]
[EventDate "2015.??.??"]

1. e4 Nf6 2. d3 d6 3. f4 c5 4. Nf3 Nc6 5. c4 g6 6. Nc3 Bg7 7. Be2 e6 8. Be3 O-O
9. Qd2 a6 10. d4 cxd4 11. Nxd4 Nxd4 12. Bxd4 Qa5 13. b4 Qc7 14. Rd1 Bd7 15. Qe3
Bc6 16. O-O Rfe8 17. e5 dxe5 18. fxe5 Nd7 19. b5 axb5 20. cxb5 Bd5 21. b6 Qb8
22. Bb5 Bc6 23. Bxc6 bxc6 24. Ne4 Nxe5 25. Bc5 Rxa2 26. Bd6 Qa8 27. Qf4 Qa5 28.
Bxe5 Qxb6+ 29. Kh1 Re7 30. Bxg7 1-0

[Event "SR 2. liga A 2015/2016"]
[Site "?"]
[Date "2015.10.18"]
[Round "2.1"]
[White "Slacky, Stanislav"]
[Black "Sosna, Jan"]
[Result "0-1"]
[WhiteElo "2204"]
[BlackElo "2340"]
[PlyCount "64"]
[EventDate "2015.??.??"]

1. d4 d5 2. c4 e6 3. Nf3 c6 4. g3 Nf6 5. Bg2 Nbd7 6. Nc3 dxc4 7. e4 b5 8. d5
Nc5 9. Ne5 cxd5 10. exd5 Bb7 11. O-O Nxd5 12. Nxb5 a6 13. Nd4 Rc8 14. Nxc4 Be7
15. Bd2 O-O 16. Ba5 Qe8 17. Rc1 Nf6 18. Nf3 Qb5 19. Nd4 Qe8 20. Nf3 Nce4 21. b3
Qb5 22. Nfe5 Nc5 23. a4 Qe8 24. Nb6 Rd8 25. Qc2 Bxg2 26. Kxg2 Nb7 27. Qc3 Ne4
28. Qe1 Nxa5 29. Qxa5 Nd2 30. Na8 Rd5 31. Nc7 Rxa5 32. Nxe8 Rxe5 0-1

[Event "SR 2. liga A 2015/2016"]
[Site "?"]
[Date "2015.10.18"]
[Round "2.1"]
[White "Kapusta, Petr"]
[Black "Bronis, Marian"]
[Result "1-0"]
[WhiteElo "2098"]
[BlackElo "2148"]
[PlyCount "52"]
[EventDate "2015.??.??"]

1. e4 g6 2. d4 Nf6 3. e5 Nh5 4. Be2 d6 5. Bxh5 gxh5 6. Qxh5 dxe5 7. dxe5 Rg8 8.
Qxh7 Rxg2 9. Nc3 Qd4 10. Be3 Qg4 11. f3 Qf5 12. Qxf5 Bxf5 13. Nge2 Nc6 14. Kf1
Bh3 15. Nf4 Rxh2+ 16. Kg1 Rxh1+ 17. Kxh1 Bf5 18. Rd1 e6 19. Nb5 Rc8 20. Nh5 Be7
21. Ng7+ Kf8 22. Rg1 Nxe5 23. Nxa7 Ra8 24. Nxf5 Rxa7 25. Nh6 Bd6 26. Bxa7 b6
1-0

[Event "SR 2. liga A 2015/2016"]
[Site "?"]
[Date "2015.10.18"]
[Round "2.1"]
[White "Sukuba, Zdeno"]
[Black "Londin, Martin"]
[Result "1-0"]
[WhiteElo "2112"]
[BlackElo "1956"]
[PlyCount "95"]
[EventDate "2015.??.??"]

1. Nf3 d5 2. c4 e6 3. g3 Nf6 4. Bg2 c6 5. O-O Nbd7 6. d4 Bd6 7. Nc3 O-O 8. Nd2
b6 9. e4 dxe4 10. Ndxe4 Nxe4 11. Nxe4 Bc7 12. d5 cxd5 13. cxd5 exd5 14. Qxd5
Rb8 15. Bg5 Qe8 16. Rfe1 Qe6 17. Qxe6 fxe6 18. Be7 Rf7 19. Ba3 Nc5 20. Rad1
Nxe4 21. Rxe4 Bd7 22. Rc1 Bd8 23. Bh3 Be7 24. Rc7 Bxa3 25. bxa3 Rc8 26. Rxd7
Rc1+ 27. Kg2 Rxd7 28. Bxe6+ Rf7 29. Rf4 Rcc7 30. Rxf7 Rxf7 31. f4 Kf8 32. Bxf7
Kxf7 33. Kf3 Ke6 34. Ke4 g6 35. g4 h5 36. gxh5 gxh5 37. h4 Kf6 38. a4 Ke6 39.
f5+ Kf7 40. Ke5 Ke7 41. f6+ Ke8 42. Kf5 Kf7 43. Kg5 a6 44. a3 b5 45. a5 Kf8 46.
Kxh5 Kf7 47. Kg5 Kf8 48. Kg6 1-0

[Event "SR 2. liga A 2015/2016"]
[Site "?"]
[Date "2015.10.18"]
[Round "2.1"]
[White "Harastova, Viera"]
[Black "Biro, Karol"]
[Result "0-1"]
[WhiteElo "1895"]
[BlackElo "2092"]
[PlyCount "106"]
[EventDate "2015.??.??"]

1. d4 d6 2. e4 Nf6 3. Nc3 g6 4. Bc4 Nxe4 5. Nxe4 d5 6. Bxd5 Qxd5 7. f3 Bg7 8.
Be3 O-O 9. Ne2 c6 10. c3 Nd7 11. O-O Nf6 12. N2g3 Bf5 13. Nxf5 Qxf5 14. Ng3 Qb5
15. Qe2 Qxe2 16. Nxe2 Rad8 17. Rad1 Rd7 18. Ng3 Rfd8 19. Rf2 c5 20. Re1 c4 21.
Bg5 Nd5 22. Ne4 b6 23. Rfe2 h6 24. Bc1 Rc8 25. Nf2 e6 26. Ng4 Kh7 27. g3 b5 28.
Nf2 b4 29. Rc2 Rb7 30. Ne4 Bf8 31. Kf2 bxc3 32. bxc3 Kg8 33. Ree2 Rb6 34. Rb2
Kg7 35. Rxb6 axb6 36. Rc2 f5 37. Nd2 b5 38. Nb1 Ra8 39. a3 Bd6 40. Re2 Kf7 41.
Kg2 h5 42. h3 Ra5 43. Kf2 Ke7 44. Kg2 Kd7 45. Kf2 Ra8 46. Rb2 Kc6 47. Re2 Re8
48. Be3 Bc7 49. Bc1 Ba5 50. Bb2 Kd7 51. Re5 Bc7 52. Re2 h4 53. gxh4 Nf4 0-1

[Event "SR 2. liga A 2015/2016"]
[Site "?"]
[Date "2015.10.18"]
[Round "2.1"]
[White "Petreje, Juraj"]
[Black "Vepy, Ivan"]
[Result "1-0"]
[WhiteElo "2058"]
[BlackElo "1938"]
[PlyCount "117"]
[EventDate "2015.??.??"]

1. d4 Nf6 2. c4 e6 3. Nf3 Be7 4. Nc3 d5 5. e3 O-O 6. Bd3 b6 7. O-O Ba6 8. b3
Nbd7 9. Bb2 c5 10. Nb5 Bb7 11. Rc1 a6 12. Nc3 Rc8 13. Qe2 dxc4 14. Bxc4 b5 15.
Bd3 Qa5 16. Bb1 c4 17. bxc4 Rxc4 18. Ne5 Rc7 19. Nxd7 Rxd7 20. f3 Ba3 21. Ne4
Nxe4 22. fxe4 Bxb2 23. Qxb2 Rc7 24. Rxc7 Qxc7 25. e5 Rc8 26. Qf2 Qe7 27. h3 Rc7
28. Qd2 Qg5 29. Kh2 h5 30. Rf4 Rc3 31. h4 Qxg2+ 32. Qxg2 Bxg2 33. Kxg2 Rxe3 34.
Kf2 Rc3 35. Rf3 Rc1 36. Be4 g6 37. Ra3 b4 38. Rxa6 Rc3 39. Ra4 b3 40. axb3 Rxb3
41. Bf3 Kg7 42. Ra7 Rb2+ 43. Kg3 Rb4 44. Rd7 Kf8 45. Kf4 Kg7 46. Be4 Rb3 47.
Bf3 Rb1 48. d5 Rb4+ 49. Kg3 exd5 50. Bxd5 Rg4+ 51. Kh3 g5 52. hxg5 Kg6 53.
Bxf7+ Kxg5 54. e6 Kf6 55. Bxh5 Rg1 56. Bg4 Rh1+ 57. Kg2 Rh8 58. Kg3 Rg8 59.
Rf7+ 1-0

[Event "SR 2. liga A 2015/2016"]
[Site "?"]
[Date "2015.10.18"]
[Round "2.1"]
[White "Vogl, Zdenek"]
[Black "Mandak, Miroslav"]
[Result "0-1"]
[WhiteElo "1906"]
[BlackElo "1980"]
[PlyCount "66"]
[EventDate "2015.??.??"]

1. e4 d6 2. d4 Nf6 3. Nc3 g6 4. Nf3 Bg7 5. h3 c6 6. Be3 a6 7. Be2 b5 8. a3 O-O
9. O-O Bb7 10. Nh2 Nbd7 11. f4 Nb6 12. Ng4 e6 13. Qd2 Nxg4 14. hxg4 f5 15. g5
fxe4 16. Nxe4 Nd5 17. Bg4 Bc8 18. Rae1 a5 19. Nc3 Nxc3 20. bxc3 Re8 21. Rf3 e5
22. Bxc8 Rxc8 23. g3 exd4 24. cxd4 c5 25. c3 c4 26. g4 Re4 27. Qg2 Qd7 28. f5
d5 29. f6 Bf8 30. Rf4 Qe6 31. Rxe4 dxe4 32. Bf4 Re8 33. Be5 Bxa3 0-1

[Event "SR 2. liga A 2015/2016"]
[Site "?"]
[Date "2015.10.18"]
[Round "2.1"]
[White "Mikulasek, Viktor"]
[Black "Hrubsa, Marian"]
[Result "1/2-1/2"]
[WhiteElo "1853"]
[BlackElo "1784"]
[PlyCount "40"]
[EventDate "2015.??.??"]

1. e4 e6 2. d4 d5 3. exd5 exd5 4. Bd3 Bd6 5. Nc3 Ne7 6. Bg5 f6 7. Bh4 c6 8.
Qh5+ g6 9. Qf3 Nf5 10. Bxf5 Bxf5 11. O-O-O O-O 12. Bg3 b5 13. h4 h5 14. Qe3 Re8
15. Qd2 a5 16. Bxd6 Qxd6 17. Nh3 Nd7 18. Nf4 Nb6 19. Nd3 Nc4 20. Qf4 Qxf4+
1/2-1/2

[Event "SR 2. liga A 2015/2016"]
[Site "?"]
[Date "2015.10.18"]
[Round "2.1"]
[White "Planka, Peter"]
[Black "Bukovcak, Jaroslav"]
[Result "1-0"]
[WhiteElo "1743"]
[BlackElo "1741"]
[PlyCount "47"]
[EventDate "2015.??.??"]

1. e4 d5 2. exd5 Qxd5 3. Nc3 Qa5 4. d4 c6 5. Nf3 Bg4 6. Be2 Nf6 7. O-O e6 8. a3
Nbd7 9. h3 Bh5 10. Re1 Be7 11. Nh2 Bxe2 12. Qxe2 O-O 13. Be3 Qd8 14. Rad1 a5
15. Nf3 Qc7 16. Bg5 Rfe8 17. Bh4 Rad8 18. Bg3 Qc8 19. Ne4 Nxe4 20. Qxe4 Bf6 21.
c3 g6 22. Nd2 b6 23. Nc4 Qb7 24. Nd6 1-0

[Event "SR 2. liga A 2015/2016"]
[Site "?"]
[Date "2015.10.18"]
[Round "2.2"]
[White "Klemanic, Emil"]
[Black "Lanc, Alois"]
[Result "0-1"]
[WhiteElo "2131"]
[BlackElo "2284"]
[PlyCount "94"]
[EventDate "2015.??.??"]

1. d4 Nf6 2. Nf3 g6 3. c4 Bg7 4. Nc3 O-O 5. Bg5 c5 6. e3 cxd4 7. exd4 h6 8. Bh4
d6 9. Be2 Nc6 10. d5 Nb8 11. Qd2 Nbd7 12. O-O a5 13. Rac1 Nc5 14. Bxf6 exf6 15.
Nd4 f5 16. Bf3 g5 17. g3 Qf6 18. Ndb5 g4 19. Bg2 h5 20. Rcd1 Bd7 21. Rfe1 h4
22. Qf4 Ra6 23. gxh4 Bh6 24. Qd4 Qxh4 25. f4 Bg7 26. Qf2 Qh6 27. Re3 Bf6 28.
Rf1 Kg7 29. Qd2 Rh8 30. Bh1 Qg6 31. Nc7 Rb6 32. N3b5 Bd8 33. Qd4+ Qf6 34. Qxf6+
Bxf6 35. b3 Bxb5 36. cxb5 Bd4 37. Rfe1 Rc8 38. Kf1 Bxe3 39. Rxe3 Rxc7 40. a4
Nd7 41. Bg2 Rc2 42. h3 Nc5 43. hxg4 fxg4 44. Be4 Rb2 45. Bf5 Nxb3 46. Bxg4 Nc5
47. Ra3 Rb4 0-1

[Event "SR 2. liga A 2015/2016"]
[Site "?"]
[Date "2015.10.18"]
[Round "2.2"]
[White "Kavon, Rastislav"]
[Black "Gabris, Ondrej"]
[Result "1/2-1/2"]
[WhiteElo "2183"]
[BlackElo "2205"]
[PlyCount "55"]
[EventDate "2015.??.??"]

1. e4 d5 2. exd5 Nf6 3. d4 Bg4 4. f3 Bf5 5. Bb5+ c6 6. dxc6 Qa5+ 7. Nc3 Nxc6 8.
Nge2 O-O-O 9. Bxc6 bxc6 10. O-O e5 11. Ng3 exd4 12. Nce4 Nxe4 13. Nxe4 h5 14.
Bf4 f6 15. h4 Be7 16. Kh1 Rhg8 17. Qe2 Qb5 18. Rfe1 Rge8 19. a4 Qxe2 20. Rxe2
Bf8 21. Rae1 Kd7 22. Kg1 Re6 23. c3 dxc3 24. bxc3 Bxe4 25. Rxe4 Bc5+ 26. Kf1
Rxe4 27. Rxe4 Re8 28. Rc4 1/2-1/2

[Event "SR 2. liga A 2015/2016"]
[Site "?"]
[Date "2015.10.18"]
[Round "2.2"]
[White "Madar, Martin"]
[Black "Sekera, Branislav"]
[Result "1-0"]
[WhiteElo "2142"]
[BlackElo "2131"]
[PlyCount "73"]
[EventDate "2015.??.??"]

1. e4 d6 2. d4 Nf6 3. f3 Nc6 4. Nc3 e5 5. Bb5 Bd7 6. Bxc6 Bxc6 7. Nge2 Be7 8.
O-O O-O 9. Qe1 Nh5 10. g4 Nf6 11. d5 Bd7 12. Ng3 Ne8 13. Nd1 Bg5 14. Bxg5 Qxg5
15. h4 Qxh4 16. Kg2 $11 c6 17. Ne3 Qd8 18. Rh1 Nc7 19. dxc6 bxc6 20. Rd1 Be6
21. Nef5 Bxf5 22. Nxf5 Ne6 23. Rxd6 Nf4+ 24. Kg3 Qg5 25. Qa5 Rfe8 26. Rd7 h5
27. Nd6 hxg4 28. fxg4 Rf8 29. Rh2 g6 30. Kf3 Qf6 31. Kg3 Rad8 32. Rxd8 Rxd8 33.
Qxd8+ Qxd8 34. Rh8+ Kxh8 35. Nxf7+ Kg7 36. Nxd8 Ne2+ 37. Kf2 1-0

[Event "SR 2. liga A 2015/2016"]
[Site "?"]
[Date "2015.10.18"]
[Round "2.2"]
[White "Bango, Lukas"]
[Black "Janos, Ivan"]
[Result "0-1"]
[WhiteElo "2078"]
[BlackElo "2113"]
[PlyCount "58"]
[EventDate "2015.??.??"]

1. e4 c5 2. c3 Nf6 3. e5 Nd5 4. d4 cxd4 5. Nf3 d6 6. exd6 Qxd6 7. cxd4 g6 8.
Nc3 Nxc3 9. bxc3 Bg7 10. Bb5+ Nc6 11. O-O O-O 12. Qa4 Bg4 13. Ba3 Qc7 14. Nd2
a6 15. Bxc6 bxc6 16. Rfe1 Be6 17. Nb3 Bf6 18. Na5 Rab8 19. g3 Rb5 20. Bb4 Rfb8
21. Rab1 c5 22. dxc5 Bxc3 23. Bxc3 Rxb1 24. Nc6 Rxe1+ 25. Bxe1 Rb1 26. Kf1 Bd5
27. Nd4 Qxc5 28. Ne2 Bc4 29. Qc2 Qd5 0-1

[Event "SR 2. liga A 2015/2016"]
[Site "?"]
[Date "2015.10.18"]
[Round "2.2"]
[White "Michal, Silvio"]
[Black "Jakubec, Milan"]
[Result "1-0"]
[WhiteElo "2102"]
[BlackElo "2070"]
[PlyCount "97"]
[EventDate "2015.??.??"]

1. c4 e6 2. g3 d5 3. Bg2 Nf6 4. d4 c6 5. Nf3 Bb4+ 6. Bd2 Qa5 7. O-O Ne4 8. a3
Nxd2 9. Nfxd2 Be7 10. e4 dxe4 11. Nxe4 O-O 12. f4 Rd8 13. Nbc3 f5 14. Nf2 Bf6
15. b4 Qc7 16. Ne2 a5 17. Rb1 axb4 18. axb4 Qd7 19. Qb3 Bxd4 20. Nxd4 Qxd4 21.
Rfd1 Qb6 22. c5 Qc7 23. Nd3 Re8 24. Ne5 Nd7 25. Rd6 Nxe5 26. fxe5 Bd7 27. Rbd1
Re7 28. Bf1 b5 29. Bg2 Ra6 30. Qd3 Be8 31. Qb3 Bd7 32. Rxd7 Rxd7 33. Qxe6+ Rf7
34. Rd6 g6 35. Bxc6 Kg7 36. Bd5 Ra1+ 37. Kg2 Re7 38. Qf6+ Kh6 39. Qh4+ Kg7 40.
Qf6+ Kh6 41. Bg8 Qb7+ 42. c6 Qa7 43. Qh4+ Kg7 44. Qxh7+ Kf8 45. Rf6+ Ke8 46.
Qxg6+ Kd8 47. Rf8+ Kc7 48. Qd6+ Kb6 49. c7+ 1-0

[Event "SR 2. liga A 2015/2016"]
[Site "?"]
[Date "2015.10.18"]
[Round "2.2"]
[White "Horecky, Peter"]
[Black "Gazi, Mikulas"]
[Result "1-0"]
[WhiteElo "2007"]
[BlackElo "2094"]
[PlyCount "69"]
[EventDate "2015.??.??"]

1. d4 Nf6 2. g3 g6 3. Nf3 Bg7 4. Bg2 O-O 5. O-O d5 6. c4 Bf5 7. cxd5 Nxd5 8.
Nbd2 Nb4 9. e4 Bg4 10. h3 Bxf3 11. Nxf3 c5 12. Qb3 N8c6 13. dxc5 Qd3 14. Qxd3
Nxd3 15. Be3 Nxb2 16. Rab1 Nb4 17. e5 N4d3 18. Bd4 Na4 19. Rxb7 Naxc5 20. Rxe7
Rfe8 21. Rxe8+ Rxe8 22. Rd1 Bf8 23. a3 Rb8 24. Ng5 Rb3 25. Bd5 Rxa3 26. Nxf7 h5
27. Ng5+ Kg7 28. e6+ Kh6 29. Bf6 Nxe6 30. Nxe6 Bb4 31. Be4 Nc5 32. Nxc5 Bxc5
33. Rd8 Rxg3+ 34. Kh2 Bxf2 35. Rh8# 1-0

[Event "SR 2. liga A 2015/2016"]
[Site "?"]
[Date "2015.10.18"]
[Round "2.2"]
[White "Syrovy, Ivan"]
[Black "Kozinka, Roman"]
[Result "0-1"]
[WhiteElo "2007"]
[BlackElo "1986"]
[PlyCount "102"]
[EventDate "2015.??.??"]

1. e4 c5 2. Nf3 d6 3. d4 cxd4 4. Nxd4 Nf6 5. Nc3 a6 6. f3 e6 7. Be3 Be7 8. Qd2
Qc7 9. Be2 Nc6 10. g4 b5 11. Nxc6 Qxc6 12. a3 Bb7 13. O-O-O Rc8 14. g5 Nd7 15.
f4 Nc5 16. Bf3 O-O 17. Kb1 a5 18. Qd4 Na4 19. Rd3 Ba6 20. Rc1 Nxb2 21. Kxb2 b4
22. axb4 axb4 23. Nd5 exd5 24. exd5 Qa4 25. Rb3 Bc4 26. Ra1 Qb5 27. Bd2 Bxb3
28. cxb3 Ra8 29. Bxb4 Rxa1 30. Bc3 Rb1+ 31. Kxb1 Qxb3+ 32. Bb2 f6 33. Bd1 Qh3
34. Qe4 Kf7 35. f5 Rb8 36. g6+ Kf8 37. gxh7 Qxh2 38. Bc2 Qxh7 39. Qc4 Qh1+ 40.
Ka2 Bd8 41. Qc6 Qh2 42. Ba3 Ke7 43. Qa4 Bb6 44. Bb2 Qe2 45. Ba3 Rc8 46. Kb1 Bd4
47. Qb3 Qf1+ 48. Bc1 Rc7 49. Qb4 Be5 50. Qb6 Qc4 51. Qb3 Ra7 0-1

[Event "SR 2. liga A 2015/2016"]
[Site "?"]
[Date "2015.10.18"]
[Round "2.2"]
[White "Mackovic, Miroslav"]
[Black "Hulla, Stanislav"]
[Result "1-0"]
[WhiteElo "1890"]
[BlackElo "1930"]
[PlyCount "89"]
[EventDate "2015.??.??"]

1. e4 e6 2. d4 d5 3. Nc3 Nf6 4. Bg5 Be7 5. e5 Nfd7 6. Bxe7 Qxe7 7. f4 a6 8. Nf3
c5 9. a3 Nc6 10. Ne2 cxd4 11. Nexd4 O-O 12. c3 f6 13. Nxc6 bxc6 14. Bd3 c5 15.
b4 Qe8 16. g4 fxe5 17. fxe5 Qe7 18. O-O Bb7 19. Qe2 Rf7 20. Rf2 Raf8 21. Raf1
Rf4 22. h3 a5 23. bxa5 c4 24. Bc2 h6 25. Bb1 Nc5 26. Nd2 Qg5 27. Rxf4 Rxf4 28.
Nf3 Qe7 29. Bc2 Ne4 30. Qe3 g5 31. Qb6 Qc5+ 32. Nd4 Rxf1+ 33. Kxf1 Qxb6 34.
axb6 Nxc3 35. Nxe6 Ne4 36. Bxe4 dxe4 37. Nc5 c3 38. Ke2 Bc6 39. Nb3 Kf7 40. Nd4
Bb7 41. Kd1 Ke7 42. Kc2 Kd7 43. a4 Ba6 44. Kxc3 Bf1 45. e6+ 1-0

[Event "SR 2. liga A 2015/2016"]
[Site "?"]
[Date "2015.10.18"]
[Round "2.3"]
[White "Jancovic, Peter"]
[Black "Liptak, Tomas"]
[Result "1/2-1/2"]
[WhiteElo "2162"]
[BlackElo "2222"]
[PlyCount "38"]
[EventDate "2015.??.??"]

1. d4 Nf6 2. Bf4 g6 3. e3 Bg7 4. Nf3 b6 5. h3 Bb7 6. Be2 O-O 7. O-O d6 8. Re1
Nbd7 9. Bh2 Ne4 10. a4 a5 11. Na3 e5 12. Nb5 Rc8 13. c3 Qe7 14. Qb3 Kh8 15.
Rad1 f5 16. Bc4 c6 17. Na3 d5 18. Bf1 exd4 19. cxd4 Qb4 1/2-1/2